Дело об ангажементе итальянской певицы Терезы Де-Джули Борси

Доступно только в Электронных читальных залах Найти на картеНа карте
RUSMARC
00003717nmc2a22000003x 450
0019caec9b7-0a28-48fb-97df-a49551bcb0d1
00520181226021723.0
100##$a20170628l18471848k l0rusy0189 ca
1010#$arus
102##$aRU
2001#$aДело об ангажементе итальянской певицы Терезы Де-Джули Борси
$j12 февраля 1847 г. - 20 февраля 1848 г.
251##$cДело
300##$aПо Санкт-Петербургской дирекции за 1847 год
300##$aДело
801#0$aRU
$bРГИА
$c20170628
$gRCR
801#1$aRU
$bГлавНИВЦ
$c20170628
$2rusmarc
801#2$aRU
$bПБ им. Б.Н. Ельцина
$c20181226
$gRCR
$2rusmarc
850##$aРГИА
852##$aРГИА
$eФедеральное казенное учреждение "Российский государственный исторический архив" (РГИА)
$j11079
937##$hРГИА
$d12245184
$aASBIBLIO_SCAN
462#0$1001dd3991dc-24e1-42ec-8838-ca4255420416
$12001
$a1746-1850 гг.
$1251
$cОпись
$1852
$j1
461#0$10019264ebf8-de62-4f1a-9eb4-9f22098dbbd5
$12001
$aДирекция императорских театров МИДв
$1251
$cФонд
$1852
$j497
215##$a14 л.
$d36,5х26 см
371##$aДокумент не является опубликованным и широко распространяемым
105##$ay###
1222#$ad
035##$a9caec9b7-0a28-48fb-97df-a49551bcb0d1
856##$uhttp://readingroom.main.prlib.ru/item.aspx?id_node=n122404519&mode=full
Формат отображения